| 000 | 01009nas a2200325 4500 | ||
|---|---|---|---|
| 001 | BR2011008016 | ||
| 003 | BR-BrBNA | ||
| 005 | 20231205115839.0 | ||
| 007 | ta | ||
| 008 | 230509b bl.|||p| |||| 00| 00por d | ||
| 040 |
_aBR-BrBNA _bpor _cBiblioteca Nacional de Agricultura |
||
| 041 | _a(Pt) | ||
| 072 | _aF02 | ||
| 100 | 1 | _aPelizza, T.R. | |
| 100 | 1 | _aDamiani, C.R. | |
| 100 | 1 | _aRufato, A. de R. | |
| 100 | 1 | _aAffonso, L.B. | |
| 100 | 1 | _aHawerroth, F.J. | |
| 100 | 1 | _aSchuch, M.W. | |
| 245 | 1 | _aAclimatização e crescimento de plântulas de mirtileiro Climax micropropagadas em função do substrato e da cobertura plástica | |
| 650 | _aMIRTILO | ||
| 650 | _aMICROPROPAGAÇÃO | ||
| 650 | _aMUDA | ||
| 650 | _aSUBSTRATO DE CULTURA | ||
| 650 | _aCRESCIMENTO | ||
| 650 | _aACLIMATAÇÃO | ||
| 773 | 0 |
_tRevista Brasileira de Fruticultura (Brazil) _xISSN 0100 2945 _g(Sep 2011), v. 33(3) p. 898-905 _wBR2011008016 |
|
| 909 |
_a202311 _bLúcia _c55 _dLúcia Elande |
||
| 942 |
_2AGRIS _n0 _cANA |
||
| 999 |
_c215993 _d215993 |
||